paroles - techno toujours pareil - Salut c’est cool - Statistiques

Statistiques générales
  • Ce quiz a été pris 136 fois
  • Le résultat moyen est 18 sur 24
Statistiques - réponses
Hint Réponse % Correct
Pareil
100%
x8 Techno
100%
Toujours
100%
Dans
95%
Les
95%
Boum
94%
Boum
94%
De
94%
De
94%
Oreilles
94%
Pas
93%
Musique
91%
Normal
89%
Defonce-
88%
Man
88%
Message
85%
À
82%
Rien
81%
Dire
80%
x4 Eh
6%
Eh
6%
Eh
6%
Eh
6%
Eh
6%
Aucun quiz correspondant
Distribution des résultats
% des personnes avec chaque résultat
Percentile par nombre de réponses
Votre historique - résultats
Vous n’avez pas pris ce quiz